Statistics for Cities of Kern County (Map)

Click here to take the quiz!

General Stats

  • This quiz has been taken 56 times
  • The average score is 7 of 14

Answers on the Map

Answers color-coded by a green-red scale on the quiz's map according to % correct below.
 

Answer Stats

City% Correct
Bakersfield
96%
Ridgecrest
61%
California City
57%
Delano
57%
Delano
57%
Arvin
43%
McFarland
43%
Tehachapi
43%
Tehachapi
43%
Wasco
43%
Wasco
43%
Shafter
35%
Taft
35%
Maricopa
26%

Score Distribution

Percentile by Number Answered

Percent of People with Each Score

Your Score History

You have not taken this quiz